A Guide to Legal Profession in Uganda / (Record no. 67)

MARC details
000 -LEADER
fixed length control field 00471nam a22001697a 4500
003 - CONTROL NUMBER IDENTIFIER
control field OSt
005 - DATE AND TIME OF LATEST TRANSACTION
control field 20170828115441.0
008 - FIXED-LENGTH DATA ELEMENTS--GENERAL INFORMATION
fixed length control field 110407t xxu||||| |||| 00| 0 eng d
040 ## - CATALOGING SOURCE
Original cataloging agency LDCLIB
Transcribing agency LDCLIB
082 ## - DEWEY DECIMAL CLASSIFICATION NUMBER
Classification number 340.023
Edition number 22
Item number ODO
100 ## - MAIN ENTRY--PERSONAL NAME
Titles and other words associated with a name Odoki, B. J.
9 (RLIN) 171
245 ## - TITLE STATEMENT
Title A Guide to Legal Profession in Uganda /
Statement of responsibility, etc B. J. Odoki :
260 ## - PUBLICATION, DISTRIBUTION, ETC. (IMPRINT)
Place of publication, distribution, etc Kampala :
Name of publisher, distributor, etc Law Development Center,
Date of publication, distribution, etc c1994.
300 ## - PHYSICAL DESCRIPTION
Extent x, 387 p. ;
Dimensions 25 cm.
650 ## - SUBJECT ADDED ENTRY--TOPICAL TERM
Topical term or geographic name as entry element Legal profession
942 ## - ADDED ENTRY ELEMENTS (KOHA)
Source of classification or shelving scheme Dewey Decimal Classification
Koha item type Books
Holdings
Withdrawn status Lost status Source of classification or shelving scheme Damaged status Not for loan Home library Current library Shelving location Date acquired Total Checkouts Full call number Barcode Checked out Date last seen Date checked out Price effective from Koha item type
    Dewey Decimal Classification     Law Development Centre Main Library Law Development Centre Main Library Text Books and Laws 04/07/2011 1 340.023 ODO 2011/2574 04/03/2012 03/09/2012 03/09/2012 04/07/2011 Books